000 01481nam a2200385 i 4500
001 768714001
003 CO-MdFUSB
005 20260423155428.0
007 ta
008 241009t1999 -us||||| |||| 001 0 spa d
020 _a0-8254-1637-X
040 _bspa.
_aCO-MdFUSB
_cCO-MdFUSB
_dCO-MdFUSBC
_erda
041 _aspa
_heng
082 _223
_a225.6
_bR995
100 _aRyrie, Charles Caldwell,
_eautor
240 _aBiblical Theology of the New Testament.
245 0 _aTeología bíblica del Nuevo Testamento
_c/ Charles Caldwell Ryrie ; traducido por Elsa Ramirez , Evis Carballosa
264 1 _aGrand Rapids, Michigan :
_bPortavoz,
_c[1999]
264 4 _c© 1999
300 _a364 páginas
_c; 23 cm
336 _2rdacontent
_atexto
_btxt
337 _2rdamedia
_asin mediación
_bn
338 _2rdacarrier
_avolumen
_bnc
500 _aIncluye índice
505 _aLa teología sinóptica. -- La teología de Hechos. -- La teología de Santiago. -- La teología de Pablo. -- La teología de Hebreos. -- La teología de Pedro y Judas. -- La teología de Juan.
563 _aRústica
653 _aBiblia. Nuevo Testamento — Teología
653 _aTeología bíblica — Nuevo Testamento
653 _aNuevo Testamento — Doctrinas
653 _aTeología del Nuevo Testamento
700 _aRamírez de Aguilar, Elsa.
_96209
_etraductor
700 _aCarballosa, Evis
_910926
_etraductor
942 _cBK
945 _aCatherine Arias Alvarez
999 _c71074
_d71074